000 00430nam a22001817a 4500
003 MPLRDC
005 20220104113847.0
008 210129b ||||| |||| 00| 0 eng d
082 _a848.3 ZXY-4
100 _a钟晓阳著
245 _a爱妻
_c
250 _a初版
260 _a
_b洪范书店有限公司
_c1986
300 _b
490 _a洪范文学丛书;148
650 _a现代别集
942 _cBK
_o848.3 ZXY-4
999 _c2929
_d2919